Illinois County Seats - Statistics

General Stats
  • This quiz has been taken 97 times
  • The average score is 46 of 102
Answer Stats
County County Seat % Correct
Cook Chicago
95%
Peoria Peoria
95%
Winnebago Rockford
95%
Will Joliet
90%
Sangamon Springfield
90%
Rock Island Rock Island
85%
Champaign Urbana
85%
Kankakee Kankakee
80%
LaSalle Ottawa
80%
Alexander Cairo
75%
Macon Decatur
75%
McLean Bloomington
70%
Vermilion Danville
70%
Effingham Effingham
70%
Jo Daviess Galena
70%
Kane Geneva
70%
Williamson Marion
70%
Adams Quincy
70%
Lake Waukegan
70%
Madison Edwardsville
60%
Knox Galesburg
60%
Morgan Jacksonville
60%
Logan Lincoln
60%
Jefferson Mount Vernon
60%
Lee Dixon
55%
McDonough Macomb
55%
Tazewell Pekin
55%
Livingston Pontiac
55%
Bureau Princeton
55%
DuPage Wheaton
55%
St. Clair Belleville
50%
Coles Charleston
50%
DeWitt Clinton
50%
Stephenson Freeport
50%
Jersey Jerseyville
50%
Massac Metropolis
50%
Pulaski Mound City
50%
DeKalb Sycamore
50%
Boone Belvidere
45%
Putnam Hennepin
45%
Lawrence Lawrenceville
45%
Ford Paxton
45%
Marion Salem
45%
Fayette Vandalia
45%
Iroquois Watseka
45%
McHenry Woodstock
45%
Mercer Aledo
40%
Greene Carrollton
40%
Piatt Monticello
40%
Brown Mount Sterling
40%
Jackson Murphysboro
40%
Washington Nashville
40%
Richland Olney
40%
Ogle Oregon
40%
Edgar Paris
40%
Pike Pittsfield
40%
Shelby Shelbyville
40%
Douglas Tuscola
40%
Cass Virginia
40%
Kendall Yorkville
40%
Hardin Elizabethtown
35%
Woodford Eureka
35%
Pope Golconda
35%
Bond Greenville
35%
Calhoun Hardin
35%
Mason Havana
35%
Warren Monmouth
35%
Grundy Morris
35%
Perry Pinckneyville
35%
Gallatin Shawneetown
35%
Christian Taylorville
35%
Hancock Carthage
30%
Montgomery Hillsboro
30%
Union Jonesboro
30%
Fulton Lewistown
30%
Clark Marshall
30%
Wabash Mount Carmel
30%
Carroll Mount Carroll
30%
Jasper Newton
30%
Henderson Oquawka
30%
Crawford Robinson
30%
Scott Winchester
30%
Edwards Albion
25%
Macoupin Carlinville
25%
White Carmi
25%
Randolph Chester
25%
Wayne Fairfield
25%
Saline Harrisburg
25%
Marshall Lacon
25%
Hamilton McLeansboro
25%
Stark Toulon
25%
Johnson Vienna
25%
Franklin Benton
20%
Henry Cambridge
20%
Clinton Carlyle
20%
Clay Louisville
20%
Menard Petersburg
20%
Schuyler Rushville
20%
Moultrie Sullivan
20%
Cumberland Toledo
20%
Monroe Waterloo
20%
Whiteside Morrison
15%
No matching quizzes found
Score Distribution
Percent of People with Each Score
Percentile by Number Answered
Your Score History
You have not taken this quiz